The politics of recognition and redistribution: development, tribal identity politics and distributive justice in India's Jharkhand /

Guardat en:
Dades bibliogràfiques
Autor principal: Basu, Ipshita
Format: Text
Etiquetes: Afegir etiqueta
Sense etiquetes, Sigues el primer a etiquetar aquest registre!

MARC

LEADER 00000 a a2200000 04500
001 47145
003
040
100 |a Basu, Ipshita  
245 |a The politics of recognition and redistribution:   |b development, tribal identity politics and distributive justice in India's Jharkhand /  |c Ipshita Basu  
773 |a volumen43, número6, (2012), páginas 1291-1312  
999 |c 29701  |d 29701